Taunton's complete illustrated guide to working with wood / (Record no. 6466)

MARC details
000 -LEADER
fixed length control field 01326cam a2200241 4500
001 - CONTROL NUMBER
control field 7556
005 - DATE AND TIME OF LATEST TRANSACTION
control field 20181127183851.0
008 - FIXED-LENGTH DATA ELEMENTS--GENERAL INFORMATION
fixed length control field 040816s2005 ctua 001 0 eng
010 ## - LIBRARY OF CONGRESS CONTROL NUMBER
LC control number 2004019362
020 ## - INTERNATIONAL STANDARD BOOK NUMBER
International Standard Book Number 1561586838
082 00 - DEWEY DECIMAL CLASSIFICATION NUMBER
Classification number 684/.08
Edition number 22
100 1# - MAIN ENTRY--PERSONAL NAME
Personal name Rae, Andy.
245 10 - TITLE STATEMENT
Title Taunton's complete illustrated guide to working with wood /
Statement of responsibility, etc. Andy Rae.
246 30 - VARYING FORM OF TITLE
Title proper/short title Working with wood
260 ## - PUBLICATION, DISTRIBUTION, ETC.
Place of publication, distribution, etc. Newtown, CT :
Name of publisher, distributor, etc. Taunton Press,
Date of publication, distribution, etc. 2005.
300 ## - PHYSICAL DESCRIPTION
Extent 279 p. :
Other physical details col. ill. ;
Dimensions 28 cm.
505 ## - FORMATTED CONTENTS NOTE
Formatted contents note The properties of wood -- Identifying wood -- Cutting your own wood -- Drying lumber -- Buying lumber -- Storing lumber -- Dealing with wood movement -- Choosing joints -- Selecting your material -- Dimensioning wood -- Working difficult wood -- Bending wood -- Smoothing and preparing wood -- Gluing and clamping wood -- Finishing wood.
Miscellaneous information
Statement of responsibility
Title
520 ## - SUMMARY, ETC.
Summary, etc. Understanding wood -- Indentifying wood -- Cutting your own wood -- Drying lumber -- Buying lumber -- Storing lumber -- Dealing with wood movement -- Choosing joints -- Selecting your material -- Dimensioning wood -- Working with difficult wood -- Bending wood -- Smoothing and preparing wood -- Gluing and clamping wood -- Finishing wood
650 #0 - SUBJECT ADDED ENTRY--TOPICAL TERM
Topical term or geographic name entry element Wood.
Topical term or geographic name entry element Woodwork.
710 2# - ADDED ENTRY--CORPORATE NAME
Corporate name or jurisdiction name as entry element Taunton Press.
Holdings
Withdrawn status Lost status Source of classification or shelving scheme Damaged status Not for loan Collection code Home library Current library Shelving location Serial Enumeration / chronology Inventory number Total Checkouts Full call number Barcode Date last seen Price effective from Koha item type
    Dewey Decimal Classification     Main TEST RTC Library RTC Library Main opac 11507   684 RAE 30011616 27/11/2018 27/11/2018 Main
Royal Thimphu College || All Right Reserved